000 00514nam a2200181Ia 4500
001 12672
005 20260306162958.0
008 260306t2019||||xx |||||||||||||| ||spa||
041 _aESP
082 _aHR 657
_bENE-ABR 2019 CEM
110 _aGaceta Jurídica
245 0 _aContadores & empresas:
_bsistema integral de información para contadores, administradores y gerentes
260 _c2019
300 _avarias paginaciones :
_c30 cm.
650 _aGEN
654 _aCCO
942 _cREV
_dJUS
_fJUS
_2ddc
_n
999 _c12672
_d12672